Podnikové poistenie
Uložené v:
| Hlavný autor: | |
|---|---|
| Ďalší autori: | , |
| Médium: | Kniha |
| Jazyk: | Slovak |
| Vydavateľské údaje: |
Bratislava
ŠEVT
2011
|
| Vydanie: | 1. vyd. |
| Predmet: | |
| Tagy: |
Žiadne tagy, Buďte prvý, kto otaguje tento záznam!
|
MARC
| LEADER | 00000nam a2200000 4500 | ||
|---|---|---|---|
| 001 | 0146936 | ||
| 005 | 20240502072644.3 | ||
| 020 | |a 978-80-8106-036-6 | ||
| 041 | 0 | |a slo | |
| 044 | |a SK | ||
| 245 | 1 | 0 | |a Podnikové poistenie |c Barbora Drugdová |
| 250 | |a 1. vyd. | ||
| 264 | 1 | |a Bratislava |b ŠEVT |c 2011 | |
| 300 | |a 204 s. [10,4 AH] | ||
| 610 | 2 | 0 | |a poistenie |
| 610 | 2 | 0 | |a poistenie podnikov |
| 610 | 2 | 0 | |a poistenie dôchodkové |
| 610 | 2 | 0 | |a poistenie nemocenské |
| 610 | 2 | 0 | |a poistenie zdravotné |
| 610 | 2 | 0 | |a sporenie dôchodkové |
| 610 | 2 | 0 | |a riziko |
| 610 | 2 | 0 | |a riziko poistné |
| 610 | 2 | 0 | |a poistenie majetku |
| 610 | 2 | 0 | |a poistenie dopravné |
| 610 | 2 | 0 | |a poistenie vozidiel motorových |
| 610 | 2 | 0 | |a poistenie zodpovednosti za škody |
| 610 | 2 | 0 | |a poistenie úrazové |
| 610 | 2 | 0 | |a poistenie cestovné |
| 610 | 2 | 0 | |a poistenie úverové |
| 610 | 2 | 0 | |a poisťovne |
| 610 | 2 | 0 | |a poisťovne komerčné |
| 610 | 2 | 0 | |a asociácie |
| 610 | 2 | 0 | |a poisťovníctvo |
| 100 | 1 | |a Drugdová, Barbora | |
| 700 | 1 | |a Sobek, Otto | |
| 700 | 1 | |a Karvašová, Elena | |